000 00337nam a22001337a 4500
008 260327b ||||| |||| 00| 0 eng d
020 _a9789951430326
041 _aShqip
080 _a338.2
100 _a32
101 _aTranzicioni
245 _aTranzicioni dhe Reformat Institucionale në Kosovë
_cMuhamet Sadiku
942 _2udc
_cBK
999 _c60947
_d60947